Normal view
MARC view
- Deafness, Noise induced
Entry Topical Term
001 - CONTROL NUMBER
- control field: 106547
003 - CONTROL NUMBER IDENTIFIER
- control field: NUST
005 - DATE AND TIME OF LATEST TRANSACTION
- control field: 20221230184943.0
008 - FIXED-LENGTH DATA ELEMENTS
- fixed length control field: 221230|| aca||aabn | a|a d
040 ## - CATALOGING SOURCE
- Original cataloging agency: NUST
- Transcribing agency: NUST
150 ## - HEADING--TOPICAL TERM
- Topical term or geographic name entry element: Deafness, Noise induced
670 ## - SOURCE DATA FOUND
- Source citation: Work cat.: (NUST)185766: Noise and audiology /, c1978.
